| 000 | 00747cam a2200241 4500 | ||
|---|---|---|---|
| 001 | WB3543-21 | ||
| 008 | 000000n1999 000 0 eng u | ||
| 035 | _a(Sirsi) u101340 | ||
| 245 | _aOur future is here today | ||
| 260 | _c1999 | ||
| 490 |
_aFinancial Times _v30 October 1999, 3:1-2 |
||
| 520 | _aCurrent visions of the future for housing have moved from eco-housing to urban regeneration, brownfield development and city living. Discusses this shift, and its implications. | ||
| 590 | _aWB | ||
| 650 | _aNEW HOMES | ||
| 650 | _aNEW HOUSES | ||
| 650 | _aURBAN REGENERATION | ||
| 650 | _aCITY LIVING | ||
| 650 | _aHOUSING DEVELOPMENTS | ||
| 650 | _aURBAN TASK FORCE | ||
| 650 | _aLIFESTYLES | ||
| 690 | _aHOUSING | ||
| 942 | _n0 | ||
| 999 |
_c60487 _d60487 |
||